<?xml version="1.0" encoding="UTF-8"?>
<record
    xmlns:xsi="http://www.w3.org/2001/XMLSchema-instance"
    xsi:schemaLocation="http://www.loc.gov/MARC21/slim http://www.loc.gov/standards/marcxml/schema/MARC21slim.xsd"
    xmlns="http://www.loc.gov/MARC21/slim">

  <leader>00906nam0a2200265   4500</leader>
  <controlfield tag="001">RU\NLR\BIBL_A\011591052</controlfield>
  <controlfield tag="005">20250626094731.0</controlfield>
  <datafield tag="035" ind1=" " ind2=" ">
    <subfield code="a">(NLR Aleph) 011591052</subfield>
  </datafield>
  <datafield tag="090" ind1=" " ind2=" ">
    <subfield code="a">10838479</subfield>
    <subfield code="c">10838479</subfield>
  </datafield>
  <datafield tag="100" ind1=" " ind2=" ">
    <subfield code="a">20180112d1948    |||y0rusy50      ca</subfield>
  </datafield>
  <datafield tag="101" ind1="0" ind2=" ">
    <subfield code="a">abk</subfield>
  </datafield>
  <datafield tag="102" ind1=" " ind2=" ">
    <subfield code="a">RU</subfield>
  </datafield>
  <datafield tag="105" ind1=" " ind2=" ">
    <subfield code="a">y   z   000 y</subfield>
  </datafield>
  <datafield tag="200" ind1="1" ind2=" ">
    <subfield code="a">&#x410;&#x436;&#x4D9;&#x430;&#x435;&#x438;&#x43D;&#x440;&#x430;&#x430;&#x43B;&#x430;&#x49B;&#x4D9;&#x430;</subfield>
    <subfield code="d">&#x421;&#x442;&#x438;&#x445;&#x438;</subfield>
    <subfield code="f">&#x411;&#x430;&#x433;&#x440;&#x430;&#x442; &#x428;&#x44B;&#x43D;&#x49B;&#x4D9;&#x431;&#x430;</subfield>
  </datafield>
  <datafield tag="210" ind1=" " ind2=" ">
    <subfield code="a">&#x410;&#x49F;&#x443;&#x430;</subfield>
    <subfield code="c">&#x410;&#x4A7;&#x4B3;&#x4D9;&#x44B;&#x43D;&#x4AD;&#x448;&#x4D9;&#x49F;&#x4D9;&#x4AD;&#x44B;&#x436;&#x44B;&#x440;&#x4AD;&#x430;</subfield>
    <subfield code="d">1948</subfield>
  </datafield>
  <datafield tag="215" ind1=" " ind2=" ">
    <subfield code="a">95, [3] &#x441;.</subfield>
    <subfield code="d">20</subfield>
  </datafield>
  <datafield tag="300" ind1=" " ind2=" ">
    <subfield code="a">&#x413;&#x440;&#x430;&#x444;&#x438;&#x43A;&#x430; &#x43D;&#x430; &#x433;&#x440;&#x443;&#x437;. &#x43E;&#x441;&#x43D;&#x43E;&#x432;&#x435;</subfield>
  </datafield>
  <datafield tag="510" ind1="1" ind2=" ">
    <subfield code="a">&#x421;&#x442;&#x438;&#x445;&#x438;</subfield>
    <subfield code="z">rus</subfield>
  </datafield>
  <datafield tag="686" ind1="1" ind2=" ">
    <subfield code="a">&#x428;6(2=&#x410;&#x431;)7-5</subfield>
  </datafield>
  <datafield tag="700" ind1=" " ind2="1">
    <subfield code="4">070</subfield>
    <subfield code="7">ca</subfield>
    <subfield code="8">rus</subfield>
    <subfield code="a">&#x428;&#x438;&#x43D;&#x43A;&#x443;&#x431;&#x430;</subfield>
    <subfield code="b">&#x411;. &#x412;.</subfield>
    <subfield code="f">1917-2004</subfield>
    <subfield code="g">&#x411;&#x430;&#x433;&#x440;&#x430;&#x442; &#x412;&#x430;&#x441;&#x438;&#x43B;&#x44C;&#x435;&#x432;&#x438;&#x447;</subfield>
    <subfield code="9">249954</subfield>
    <subfield code="3">RU\NLR\AUTH\770250010</subfield>
  </datafield>
  <datafield tag="852" ind1=" " ind2=" ">
    <subfield code="a">NLR</subfield>
    <subfield code="b">&#x41E;&#x41D;&#x41B;</subfield>
    <subfield code="j">&#x410;&#x431;&#x445;&#x430;&#x437;./2-171</subfield>
  </datafield>
  <datafield tag="852" ind1=" " ind2=" ">
    <subfield code="a">NLR</subfield>
    <subfield code="b">&#x41E;&#x41D;&#x41B;</subfield>
    <subfield code="j">&#x410;&#x431;&#x445;&#x430;&#x437;./2-171</subfield>
  </datafield>
  <datafield tag="942" ind1=" " ind2=" ">
    <subfield code="c">BOOK</subfield>
  </datafield>
  <datafield tag="980" ind1=" " ind2=" ">
    <subfield code="a">NB</subfield>
  </datafield>
  <datafield tag="995" ind1=" " ind2=" ">
    <subfield code="5">2018-01-12</subfield>
    <subfield code="b">NLR01</subfield>
    <subfield code="c">NLR01</subfield>
    <subfield code="e">ONL</subfield>
    <subfield code="f">1-1436538</subfield>
    <subfield code="k">&#x41E;&#x41D;&#x41B; &#x410;&#x431;&#x445;&#x430;&#x437;./2-171</subfield>
    <subfield code="o">0</subfield>
    <subfield code="r">BOOK</subfield>
    <subfield code="s">_2171</subfield>
  </datafield>
  <datafield tag="995" ind1=" " ind2=" ">
    <subfield code="5">2018-01-12</subfield>
    <subfield code="b">NLR01</subfield>
    <subfield code="c">NLR01</subfield>
    <subfield code="e">ONL</subfield>
    <subfield code="f">1-1436539</subfield>
    <subfield code="k">&#x41E;&#x41D;&#x41B; &#x410;&#x431;&#x445;&#x430;&#x437;./2-171</subfield>
    <subfield code="o">0</subfield>
    <subfield code="r">BOOK</subfield>
    <subfield code="s">_2171</subfield>
  </datafield>
</record>
